000 00667cam a2200217 a 4500
001 000018990
005 20200929165910.0
008 931018s1988 cu 000 1 spa d
040 _aDO-SdBNP
_bspa
_cLC
_dBNPHU
050 0 4 _aPQ7389.C83
_bU47 1988
082 _ann*
_bC957u
100 1 _aCruz, Mary,
_d1923-
_923109
245 1 4 _aLos últimos cuatro días /
_cMary Cruz.
260 _aLa Habana, Cuba :
_bLetras Cubanas,
_c1988.
300 _a562 p. ;
_c18 cm.
490 1 _aGiraldilla
651 0 _aCamaguey (Cuba : Province{Rpara}
_xHistory
_y19th century
_xFiction.
_940861
830 0 _aGiraldilla
_98904
910 _aCatalogación derivada / LC
049 _aBNGR
999 _c18508
_d18508